Statistics for FIFA world ranking February 2014

Click here to take the quiz!

General Stats

  • This quiz has been taken 31 times
  • The average score is 39 of 50

Answer Stats

Hint Answer % Correct
1.Spain
100%
13.United States
100%
3.Argentina
100%
4.Portugal
100%
2.Germany
100%
8.Italy
100%
9.Brazil
100%
15.England
100%
25.Sweden
97%
18.France
97%
22.Russia
93%
14.Chile
93%
50.Japan
93%
6.Switzerland
93%
20.Denmark
90%
18.Ukraine
90%
7.Uruguay
90%
12.Greece
87%
34.Scotland
87%
43.Austria
87%
16.Croatia
87%
10.Netherlands
87%
21.Mexico
83%
29.Serbia
83%
37.Ghana
80%
31.Czech Republic
80%
42.Turkey
80%
5.Colombia
80%
23.Cote d'Ivoire
80%
27.Slovenia
80%
49.Paraguay
77%
11.Belgium
77%
38.Egypt
77%
17.Bosnia and Herzegovina
70%
33.Romania
70%
24.Ecuador
70%
46.Cameroon
70%
35.Venezuela
70%
44.Hungary
70%
47.Nigeria
67%
26.Algeria
67%
41.Peru
67%
38.Iran
67%
40.Honduras
63%
35.Costa Rica
60%
48.Iceland
53%
45.Tunisia
40%
32.Panama
37%
30.Armenia
17%
27.Cape Verde Islands
7%

Score Distribution

Percentile by Number Answered

Percent of People with Each Score

Your Score History

You have not taken this quiz